000 01026cam a22002894a 4500
001 11922222
005 20180814044143.0
008 000225s2000 paua b 001 0 eng c
010 _a 00027379
020 _a068330741X
035 _a(DNLM)100935449
040 _aDNLM/DLC
_cDLC
_dDLC
041 _aeng
042 _apcc
060 1 0 _aWG 141.5.C2
_bG878 2000
080 _a616.120 BAI
082 0 0 _a616.120 BAI
_221
100 _a7
101 _aKAR
245 0 0 _aGrossman's cardiac catheterization, angiography, and intervention /
_cedited by Donald S. Baim, William Grossman.
246 3 0 _aCardiac catheterization, angiography, and intervention
504 _aIncludes bibliographical references and index.
906 _a7
_bcbc
_corignew
_d1
_eocip
_f20
_gy-gencatlg
942 _2ddc
_cBK
999 _c47089
_d47089